England's World Cup Opponents 1950-2026 - Statistics

General Stats
  • This quiz has been taken 36 times
    7 since last reset
  • The average score is 32 of 44
Answer Stats
Hint Answer % Correct
5 Argentina
100%
4 Belgium
100%
4 Brazil
100%
2 Croatia
100%
3 France
100%
5 Germany
100%
2 Italy
100%
3 Portugal
100%
3 Uruguay
100%
3 U.S.A
100%
2 Colombia
86%
1 Costa Rica
86%
1 Denmark
86%
1 Ecuador
86%
1 Mexico
86%
1 Netherlands
86%
2 Panama
86%
2 Paraguay
86%
2 Spain
86%
3 Sweden
86%
1 Wales
86%
1 Austria
71%
1 Egypt
71%
1 Iran
71%
1 Nigeria
71%
1 Poland
71%
2 Romania
71%
1 Slovenia
71%
1 Switzerland
71%
1 Trinidad and Tobago
71%
2 Tunisia
71%
2 USSR
71%
1 Bulgaria
57%
2 Czechoslovakia
57%
1 Hungary
57%
1 Algeria
43%
1 Cameroon
43%
1 Chile
43%
1 Ghana
43%
1 Morocco
43%
1 Senegal
43%
1 Kuwait
29%
1 Republic of Ireland
29%
1 Republic of Ireland
29%
No matching quizzes found
Score Distribution
Percent of People with Each Score
Percentile by Number Answered
Your Score History
You have not taken this quiz since the last reset